Sušené potraviny

Bibliographic Details
Main Author: Hanula, Peter (Author)
Format: Article
Language:Slovak

MARC

LEADER 00000nab a2200000ua 4500
001 vtls010819705
003 SK-MaSNL
005 20260303103625.0
008 230121s1960 xo |||||||||||||||||slo|
035 |a (urnnbn)urn:nbn:sk:snk:ar-a05w2e 
035 |a urn:nbn:sk:snk-ab5nbi 
035 |a (uuid)7c2005dc-3a33-46e0-865e-41d91e36cb60 
040 |a SNKBUCL  |b slo  |c SNKBUCL  |e AACR2 
041 0 |a slo 
044 |a xo  |c SK 
100 1 |a Hanula, Peter  |4 aut  |9 740509 
245 1 0 |a Sušené potraviny  |c Peter Hanula 
773 0 |t Výživa a zdravie : časopis pre výživu a zdravý životný štýl  |g Roč. 5, č. 10 (1960), s. 222 
954 |a odborná, vedecká literatúra pôvodná (slovenská)  |2 lita 
958 |a OND 
958 |a EUIPO 
958 |a article5 
999 |c 1850862  |d 1852792